000 00215 a2200097 4500
001 51382
100 _aSinger F L
245 _aStrength of Materials
260 _aNew York
_bHarper & Row
_c
090 _c32572
_d32572
942 _aNUST-CAE
_cM
_c25083
999 _c286455
_d286455